| 000 | 00498nam a2200157Ia 4500 | ||
|---|---|---|---|
| 005 | 20260601193249.0 | ||
| 008 | 260601s9999||||xx |||||||||||||| ||und|| | ||
| 020 |
_a978-3-658-44695-6 _qebk |
||
| 100 | _aDaniela Modlinger | ||
| 245 | 0 | _aeLearning and Mobile Learning - Concept and Script | |
| 250 | _a2024 | ||
| 260 |
_aHeidelberg, Germany _bSpringer Nature _c2024 |
||
| 650 | _aComputer Science | ||
| 856 | _uhttps://link.springer.com/openurl?genre=book&isbn=978-3-658-44695-6 | ||
| 942 |
_cEB _2ddc |
||
| 999 |
_c56660 _d56660 |
||